Fr. Conceicao Rodrigues College of Engineering

Writers Nightmare:Selected essays (Record no. 22507)

MARC details
000 -LEADER
fixed length control field 00328nam a2200157Ia 4500
082 ## - DEWEY DECIMAL CLASSIFICATION NUMBER
Classification number 808.83/NAR
Item number NAR
100 ## - MAIN ENTRY--PERSONAL NAME
Personal name Narayan/R.K
245 ## - TITLE STATEMENT
Title Writers Nightmare:Selected essays
260 ## - PUBLICATION, DISTRIBUTION, ETC.
Name of publisher, distributor, etc. Penguin Books
Date of publication, distribution, etc. 1988
366 ## - TRADE AVAILABILITY INFORMATION
Publishers's discount category 17.5
300 ## - PHYSICAL DESCRIPTION
Extent 240
546 ## - LANGUAGE NOTE
Language note ENGLISH
650 ## - SUBJECT ADDED ENTRY--TOPICAL TERM
Topical term or geographic name entry element Fiction
942 ## - ADDED ENTRY ELEMENTS (KOHA)
Koha item type BOOK
Holdings
Withdrawn status Lost status Damaged status Not for loan Collection Home library Current library Date acquired Source of acquisition Cost, normal purchase price Inventory number Total Checkouts Full call number Barcode Date last seen Cost, replacement price Price effective from Koha item type
        CRC Fr. Agnel's C.Rodrigues College of Engineering Fr. Agnel's C.Rodrigues College of Engineering 17/03/2023 Educational books and periodicals 123.75 258 dt 27/04/2009   808.83/NAR NAR 19595 17/03/2023 150.00   BOOK